000 00300nam a2200121Ia 4500
008 230717s9999 xx 000 0 und d
020 _a81-7154-013-9
041 _aeng
082 _a306.8
_bMAN
100 _aMandelbaum D. G
245 _aSociety In India
260 _aBombay
_bPopular Prakashan
_c1972
999 _c670709
_d670709